Adventures in social research : data analysis using SPSS
Αποθηκεύτηκε σε:
| Κύριος συγγραφέας: | |
|---|---|
| Άλλοι συγγραφείς: | |
| Μορφή: | Βιβλίο |
| Γλώσσα: | English |
| Δημοσίευση: |
Thousand Oaks, Calif. :
Pine Forge Press,
c1994
|
| Σειρά: | Pine Forge Press social science library
|
| Θέματα: | |
| Ετικέτες: |
Προσθήκη ετικέτας
Δεν υπάρχουν, Καταχωρήστε ετικέτα πρώτοι!
|
MARC
| LEADER | 00000cam a2200000 i 4500 | ||
|---|---|---|---|
| 001 | 1/86979 | ||
| 008 | 980327s1994 eng d | ||
| 020 | |a 0-8039-9007-3 | ||
| 035 | |l 10035120 | ||
| 035 | |a 1995 |b 1 |c Βιτσιλάκη | ||
| 040 | |a GR-MY-UA |b gre |e aacr | ||
| 041 | 0 | |a eng | |
| 082 | 0 | |a 300.285 |2 (20) | |
| 100 | 1 | |a Babbie, Earl R. | |
| 245 | 1 | 0 | |a Adventures in social research : |b data analysis using SPSS / |c Earl Babbie, Fred Halley |
| 260 | |a Thousand Oaks, Calif. : |b Pine Forge Press, |c c1994 | ||
| 300 | |a xvi, 292 p.; |b ill.; |c 28 cm. + |e 2 computer disks (3 1/2-5 1/4 in.) | ||
| 490 | 1 | |a Pine Forge Press social science library | |
| 500 | |a System requirements for use of computer disks with SPSS Studentware: IBM PC, XT, AT, PS/2, or compatible computer; 640K RAM; PC- or MS-DOS 3.0 or later; floppy disk drive; hard disk with 6.4MB free space | ||
| 500 | |a System requirements for use of computer disks with SPSS/PC+ 5.0: IBM PC, AT, PS/2, or compatible computer with 80286 microprocessor or better; 640K RAM; 2MB memory (including 1MB extended memory); PC- or MS-DOS 3.0; high-density floppy disk drive; hard disk with 6MB free space | ||
| 504 | |a Includes bibliographical references and indexes | ||
| 650 | 0 | 0 | |a Social sciences |x Statistical methods |x Computer programs. |
| 700 | 1 | |a Halley, Fred. | |
| 830 | 0 | |a Pine Forge Press social science library | |
| 852 | |a INST |b RHODES |e 19980327 |h 300.285 BAB |p 005400005382 |q 005400005382 |t BK |y 0 | ||
| 852 | |a INST |b RHODES |e 19980327 |h 300.285 BAB |p 005400005925 |q 005400005925 |t BK |y 0 | ||
| 909 | |a Ρ |b 040879 |c 1995 | ||
| 909 | |a Ρ |b 040880 |c 1995 | ||